01358nam a2200337 a 4500001001100000003000800011006001900019007001500038008004100053010001700094020002200111040002100133035002000154050002800174082001900202100001900221245015000240260005000390300001900440490004900459504005300508533015200561650003100713650002200744650002000766655002900786710001700815830005000832856012500882999001301007ebr5004022CaPaEBRm u cr cn|||||||||981029s1998 enka sb 001 0 eng  z 98215220  z1853026425 (pbk.) aCaPaEBRcCaPaEBR a(OCoLC)7076334814aBF175.4.C68bD35 1998eb04a616.89/1522211 aDalal, Farhad.10aTaking the group seriouslyh[electronic resource] :btowards a post-Foulkesian group analytic theory /cFarhad Dalal ; foreword by Malcolm Pines. aLondon ;aPhiladelphia :bJ. Kingsley,c1998. a239 p. :bill.1 aInternational library of group analysis ;v5 aIncludes bibliographical references and indexes. aElectronic reproduction.bPalo Alto, Calif. :cebrary,d2013.nAvailable via World Wide Web.nAccess may be limited to ebrary affiliated libraries. 0aPsychoanalytic counseling. 0aGroup counseling. 0aPsychoanalysis. 7aElectronic books.2local2 aebrary, Inc. 0aInternational library of group analysis ;v5.40uhttp://site.ebrary.com/lib/rucke/Doc?id=5004022zAn electronic book accessible through the World Wide Web; click to view c705d705